000 01060njm a22003017a 4500
005 20100922123941.0
007 sd ammalaaahaa
008 100913t xxu||||| |||| 00| 0 hin d
028 _aVBLP. 1007
_bHis Master's Voice
035 _aGR-07104
040 _aSED/VEN
100 _919606
245 _aMohammad Aziz part 1 & 2 /
_h[sound recording] :
_cmusic ; Sardar Malik ; lyric Nizamuddin Nizam
246 _aमोहम्मद अज़ीज़
260 _aDum Dum, India
_bHis Master's Voice
_c1978
300 _a1 sound disc [Gramophone record] :
_banalog, 33 1/3 rpm
_c12 in. (LP)
_fGramophone record
500 _aBrief record.
500 _aHis Master's Voice
500 _aOrange
505 _aUthao jaam milao nazar, Raat bhar hamko teri yaad
650 _aClassical Music
_xExcerpts
_zIndia
_919607
_vFilmi Song
700 _91184
_aSardar Malik
700 _920675
_aNizamuddin Nizam
700 _919643
700 _919690
942 _2ddc
_cGR
999 _c47489
_d47489